000 01425nam a22003854a 4500
001 PT27232
003 AR-LpoUNG
005 20260131014316.0
008 201001s2007||||ag |||||||||||||||||spa d
020 _a9789879017715
_c$31,33
040 _aAR-LpoUNG
_bspa
_eaacr
041 0 _aspa
044 _aag
082 0 _a334.01 787eco
100 1 _aCoraggio, José Luis
_eorg.
_93
245 1 3 _aLa economía social desde la periferia :
_bcontribuciones latinoamericanas
260 _aBuenos Aires :
_bUniversidad Nacional de General Sarmiento - Altamira,
_c2007.
300 _a413 p. :
_bil.
490 0 _aLecturas de Economía Social
520 _aProcura contribuir desde la reflexión teórica, al diálogo entre las diversas corrientes de pensamiento y sus propuestas para la construcción de una economía socialmente responsable ante la sociedad, especialmente ante las mayorías que la actual economía excluye y empobrece.
650 4 _aAMERICA LATINA
650 4 _aAUTOGESTION DE TRABAJADORES
650 4 _aCAPITALISMO
650 4 _aECONOMIA DEL BIENESTAR
650 4 _aECONOMIA DEL TRABAJO
650 4 _aEMPRESAS
650 4 _aFABRICAS
650 4 _aPARTICIPACION DE LOS TRABAJADORES
650 4 _aPOBREZA
650 4 _aPROBLEMAS SOCIALES
653 0 _aECONOMIA SOCIAL
856 4 0 _uhttps://repositorio.ungs.edu.ar/handle/UNGS/952
_yTexto completo
905 _a27232
942 _cLIB
_2ddc
999 _c52010
_d52010